000 00652nam a22002057a 4500
005 20251108165450.0
008 250721s1976 xx 000 0 ara d
082 1 4 _aم/021.009565/صدق
100 1 _aدحبور، صدقي
245 1 0 _aدليل المكتبات في الأردن 1976 /
264 1 _aعمان :
_bجمعية المكتبات الاردنية،
_c1976.
300 _a206ص
490 0 _aسلسلة منشورات جمعية المكتبات الاردنية ؛ 3
650 1 7 _aالمكتبات
650 1 7 _aالأردن
650 1 7 _aالأدلة
700 1 _aشبيطه، فوزي
942 _2ddc
_cREF
999 _c28606
_d28606